Urban land economics / (Record no. 2932)

MARC details
000 -LEADER
fixed length control field 01557cam a2200229 a 4500
020 ## - INTERNATIONAL STANDARD BOOK NUMBER
ISBN 0333654390 (pbk)
020 ## - INTERNATIONAL STANDARD BOOK NUMBER
ISBN 9780333654392
020 ## - INTERNATIONAL STANDARD BOOK NUMBER
ISBN 0333654382 (cased)
050 #4 - CALL NUMBER
Classification number HD596
Item number .H374
100 1# - AUTHOR
Personal name Harvey, J.
245 10 - TITLE
Title Urban land economics /
Statement of responsibility, etc Jack Harvey.
250 ## - EDITION
Edition statement 4th ed.
260 ## - PUBLICATION INFORMATION
Place of publication Basingstoke :
Name of publisher Macmillan,
Year of publication 1996.
300 ## - DESCRIPTION
Number of Pages xvii, 412 p. :
Other physical details ill., 1 map ;
Dimensions 24 cm.
500 ## - NOTES
General note Includes index.
505 ## - FORMATTED CONTENTS NOTE
Table of Content PART 1: WELFARE AND ECONOMIC EFFICIENCY - Economic Efficiency through the Price System - PART 2: REAL PROPERTY - Characteristics of the Real Property Market - Functions of the Real Property Market - The Pricing of Land and Land Resources - Investment in Real Property - PART 3: DEVELOPMENT - The Development Process - The Timing and Rate of Redevelopment - Finance for Development - Comprehensive Redevelopment - Public-sector Development: Cost-Benefit Analysis - The Economics of Planning Controls - The Construction Industry - PART 4: URBAN LAND USE - Land Use and Land Values - The Pattern of Urban Land Use - The Growth of Urban Areas - The Quality of the Urban Environment: Problems of Urban Areas - Housing - Regional Policy - PART 5: THE GOVERNMENT AND LAND RESOURCES - The Impact of Government Economic Policy Objectives on Land Resources - Theory of Urban Public Finance - The Incidence of Taxation on Land Resources - Recent Developments
650 #0 - SUBJECTS
Topical Term Real property
650 #0 - SUBJECTS
Topical Term Land use, Urban
650 #0 - SUBJECTS
Topical Term Land use, Urban
General subdivision Government policy
650 #0 - SUBJECTS
Topical Term Real estate development
942 ## - ADDED ENTRY ELEMENTS (KOHA)
Koha item type Books
Holdings
Withdrawn status Lost status Collection code Home library Current library Shelving location Date acquired Full call number Accession Number Copy number Koha item type
    Reference Methodist University Library Main Methodist University Library Main General Stacks   HD596 .H374 12817 1 Books
Copyright © 2026  MUG Library